| 000 | 00000cam 2200000zi 4500 |
| 001 | 9.943508 |
| 003 | CaOODSP |
| 005 | 20260514124329 |
| 006 | m o d f |
| 007 | cr |n||||||||| |
| 008 | 240923e202604 oncbd ob f000 0 fre d |
| 020 | |a9780660737751 |
| 040 | |aCaOODSP|bfre|erda|cCaOODSP |
| 043 | |an-cn-bc |
| 086 | 1 |aFs70-5/2024-071F-PDF |
| 100 | 1 |aGrandin, Chris J.|q(Christopher John)|eauteur. |
| 245 | 10|aÉvaluation du stock de la plie à dents de flèche (Atheresthes stomias) sur la côte ouest de la Colombie-Britannique en 2021 / |cChris J. Grandin, Sean C. Anderson et Philina A. English. |
| 264 | 1|aOttawa ON : |bSecrétariat canadien de consultation scientifique (SCCS), |cavril 2026. |
| 264 | 4|c©2026 |
| 300 | |a1 ressource en ligne (v, 147 pages) : |bcartes, graphiques. |
| 336 | |atexte|btxt|2rdacontent/fre |
| 337 | |ainformatique|bc|2rdamedia/fre |
| 338 | |aressource en ligne|bcr|2rdacarrier/fre |
| 490 | 1 |aDocument de recherche, |x2292-4272 ; |v2024/071 |
| 500 | |aPublié aussi en anglais sous le titre : Arrowtooth flounder (Atheresthes stomias) stock assessment for the west coast of British Columbia in 2021. |
| 504 | |aComprend des références bibliographiques (pages 88-92). |
| 650 | 6|aPlie à grande bouche|xPêche commerciale|zColombie-Britannique|zPacifique, Côte du. |
| 650 | 6|aRessources halieutiques|xÉvaluation|zColombie-Britannique|zPacifique, Côte du. |
| 710 | 2 |aSecrétariat canadien de consultation scientifique, |eorganisme de publication. |
| 710 | 1 |aCanada.|bMinistère des pêches et des océans.|bGarde côtière canadienne.|bRégion du Pacifique, |eorganisme de publication. |
| 775 | 08|tArrowtooth flounder (Atheresthes stomias) stock assessment for the west coast of British Columbia in 2021 / |w(CaOODSP)9.943505 |
| 830 | #0|aDocument de recherche (Secrétariat canadien de consultation scientifique)|v2024/071.|w(CaOODSP)9.503788 |
| 856 | 40|qPDF|s18.2 Mo|uhttps://publications.gc.ca/collections/collection_2026/mpo-dfo/fs70-5/Fs70-5-2024-071-fra.pdf |